[Event "Porto district-ch U14"]
[Site "Porto"]
[Date "2006.03.01"]
[Round "5"]
[White "Azevedo, Tiago"]
[Black "Costa, Catarina Guerra De"]
[Result "0-1"]
[WhiteElo "1254"]
[BlackElo "1699"]
[PlyCount "32"]
[EventDate "2006.02.25"]
[EventType "tourn"]
[EventRounds "5"]
[EventCountry "POR"]
[SourceTitle "EXT 2008"]
[Source "ChessBase"]
[SourceDate "2007.11.25"]
[SourceVersion "1"]
[SourceVersionDate "2007.11.25"]
[SourceQuality "1"]

1. e4 c6 2. d4 d5 3. Nc3 dxe4 4. Nxe4 Bf5 5. Bd3 e6 6. c3 Nf6 7. Nxf6+ Qxf6 8. Bxf5 Qxf5 9. Qf3 Qxf3 10. Nxf3 Nd7 11. 0-0 Be7 12. Re1 0-0 13. Ne5 Rfd8 14. Nxd7 Rxd7 15. Re3 c5 16. dxc5 Rd1+ 0-1